| 000 | 01253cas a22002535 4500 | ||
|---|---|---|---|
| 001 | L139716 | ||
| 008 | 111114c2010 xxkar ws ss 0 a0eng u | ||
| 035 | _a(Sirsi) u139716 | ||
| 041 | 0 | _aeng | |
| 050 | _a333.33 $2 18 | ||
| 110 | 2 |
_aKnight Frank _91530 |
|
| 245 | 0 | 0 |
_aGlobal real estate markets _bannual review and outlook _h[electronic resource] |
| 260 |
_aLondon _bKnight Frank _c2010- |
||
| 362 | 0 | _a2010- | |
| 490 | 0 |
_aKnight Frank Global Real Estate Markets _v2010- |
|
| 520 | _aSurveys the world's major office and to a lesser extent industrial and retail markets covering the Americas, Europe, Middle East, Africa , and the Asia Pacific region. Features regional tables ranking the strength of local markets, taking into account economic, demographic and property information. Includes a table of global office rents. | ||
| 554 | _aAnnual | ||
| 650 | 2 | 4 | _aKNIGHT FRANK GLOBAL REAL ESTATE MARKETS |
| 651 | 4 | _aInternational | |
| 690 | _aPROPERTY-COMMERCIAL PROPERTY-COMMERCIAL PROPERTY MARKET | ||
| 710 | 2 |
_aNewmark Knight Frank _95781 |
|
| 856 | 4 | 0 |
_uhttps://www.knightfrank.com/research/details/global-real-estate-markets-43.aspx _zView the item free of charge (click on Global in the Refine box) at www.knightfrank.com |
| 942 | _n0 | ||
| 999 |
_c119116 _d119116 |
||